[Event "Leiden SB-ch"]
[Site "Leiden"]
[Date "2008.06.17"]
[Round "5"]
[White "Van Baardewijk, Frans"]
[Black "Van 't Hof, Eric"]
[Result "0-1"]
[WhiteElo "1661"]
[BlackElo "2041"]
[PlyCount "36"]
[EventDate "2008.05.20"]
[EventType "swiss"]
[EventRounds "7"]
[EventCountry "NED"]
[SourceTitle "EXT 2012"]
[Source "ChessBase"]
[SourceDate "2011.11.24"]
[SourceVersion "1"]
[SourceVersionDate "2011.11.24"]
[SourceQuality "1"]

1. d4 Nf6 2. c4 e6 3. Nf3 Bb4+ 4. Bd2 Qe7 5. a3 Bxd2+ 6. Nbxd2 d6 7. e4 e5 8. d5 a5 9. b3 0-0 10. Be2 Na6 11. 0-0 Nc5 12. Qc2 Nh5 13. Rfd1 Nf4 14. Bf1 f5 15. b4 Nxe4 16. Nxe4 fxe4 17. Qxe4 Bg4 18. c5 Nh3+ 0-1

[Event "Leiden SB-chB"]
[Site "Leiden"]
[Date "2004.06.09"]
[Round "6"]
[White "De Vreede, Henk"]
[Black "Van Baardewijk, Frans"]
[Result "0-1"]
[WhiteElo "1485"]
[BlackElo "1697"]
[PlyCount "113"]
[EventDate "2004.05.19"]
[EventType "swiss"]
[EventRounds "7"]
[EventCountry "NED"]
[SourceTitle "EXT 2012"]
[Source "ChessBase"]
[SourceDate "2011.11.24"]
[SourceVersion "1"]
[SourceVersionDate "2011.11.24"]
[SourceQuality "1"]

1. e4 c5 2. d3 Nf6 3. Nf3 Qc7 4. Nc3 e6 5. g3 a6 6. Bg2 Be7 7. Bf4 d6 8. Be3 Nc6 9. 0-0 0-0 10. d4 cxd4 11. Nxd4 Bd7 12. Re1 Rad8 13. a3 Bc8 14. Nxc6 bxc6 15. Qe2 Bb7 16. Bf4 Nd7 17. Rad1 Nb8 18. b4 c5 19. Qc4 Qc8 20. bxc5 dxc5 21. Be3 Nd7 22. f4 Nb6 23. Qb3 Qc6 24. Rb1 Rd6 25. Re2 Qd7 26. e5 c4 27. Qb2 Na4 28. Nxa4 Rd1+ 29. Re1 Rxe1+ 30. Rxe1 Bxg2 31. Nc5 Qc6 32. Nxa6 Bh3 33. c3 Qxa6 34. Ra1 Bf5 35. Kf2 Be4 36. Qb6 Qxb6 37. Bxb6 Ra8 38. a4 Bd8 39. Bxd8 Rxd8 40. Ke3 Bd5 41. Kd4 Rc8 42. Rb1 Kf8 43. h4 h5 44. Rb6 Ra8 45. Rb4 g6 46. Kc5 Ke8 47. Kd6 Rd8+ 48. Kc5 Kd7 49. a5 Rc8+ 50. Kd4 Kc7 51. Kc5 Ra8 52. Ra4 Ra6 53. Ra3 Kc8 54. Kb5 Kb7 55. Kc5 Ra8 56. Kd6 Rb8 57. Rb3+ 0-1

[Event "Leiden SB-chB"]
[Site "Leiden"]
[Date "2004.05.26"]
[Round "2"]
[White "Bey, Jerry Sr"]
[Black "Van Baardewijk, Frans"]
[Result "1/2-1/2"]
[WhiteElo "1635"]
[BlackElo "1697"]
[PlyCount "45"]
[EventDate "2004.05.19"]
[EventType "swiss"]
[EventRounds "7"]
[EventCountry "NED"]
[SourceTitle "EXT 2012"]
[Source "ChessBase"]
[SourceDate "2011.11.24"]
[SourceVersion "1"]
[SourceVersionDate "2011.11.24"]
[SourceQuality "1"]

1. Nc3 c5 2. e4 Nc6 3. f4 e6 4. Nf3 d6 5. d4 cxd4 6. Nxd4 a6 7. Nf3 Qc7 8. a3 Bd7 9. Be3 Nge7 10. Bd3 Nc8 11. 0-0 Be7 12. Nd4 Bf6 13. Nxc6 Bxc6 14. Qd2 0-0 15. Rad1 b5 16. f5 Nb6 17. Bg5 Be5 18. f6 Nc4 19. Bxc4 bxc4 20. fxg7 Rfe8 21. Bf6 Bxc3 22. bxc3 Bxe4 23. Rf4 1/2-1/2

[Event "Leiden SB-ch"]
[Site "Leiden"]
[Date "2003.06.03"]
[Round "3"]
[White "Goudriaan, Theo"]
[Black "Van Baardewijk, Frans"]
[Result "1-0"]
[WhiteElo "1865"]
[BlackElo "1690"]
[PlyCount "89"]
[EventDate "2003.05.20"]
[EventType "swiss"]
[EventRounds "7"]
[EventCountry "NED"]
[SourceTitle "CBM 095 Extra"]
[Source "ChessBase"]
[SourceDate "2003.09.04"]
[SourceVersion "1"]
[SourceVersionDate "2003.09.04"]
[SourceQuality "1"]

1. e4 c5 2. Nf3 Nc6 3. d4 cxd4 4. Nxd4 Nf6 5. Nc3 e5 6. Ndb5 d6 7. Bg5 a6 8. Na3 b5 9. Nd5 Be7 10. Nxe7 Qxe7 11. c4 b4 12. Nc2 h6 13. Bxf6 gxf6 14. Nxb4 Nd4 15. Nc2 Nc6 16. Qd2 Be6 17. 0-0-0 Rd8 18. f4 Qc7 19. f5 Bc8 20. Ne3 Ne7 21. Kb1 Bb7 22. Nd5 Nxd5 23. cxd5 Qb6 24. Rc1 Ke7 25. Bd3 Rc8 26. Rxc8 Bxc8 27. Rc1 Bd7 28. g3 a5 29. Rc2 Rb8 30. Qxh6 Ba4 31. Rg2 Bd7 32. Qc1 a4 33. g4 Qd4 34. Bc2 Qb4 35. g5 Be8 36. g6 fxg6 37. fxg6 a3 38. b3 Rc8 39. g7 Bf7 40. h4 Bg8 41. Qd2 Qb6 42. Qf2 Qb4 43. Rg6 Rxc2 44. Qxf6+ Kd7 45. Qxd6+ 1-0